[Event "Women's Speed Chess Q8 KO"]
[Site "chess.com INT"]
[Date "2021.06.06"]
[Round "1.1"]
[White "Eswaran, Ashritha"]
[Black "Cyfka, Karina"]
[Result "1-0"]
[WhiteTitle "WIM"]
[BlackTitle "IM"]
[WhiteElo "2244"]
[BlackElo "2417"]
[WhiteFideId "2080788"]
[BlackFideId "1122681"]
[EventDate "2021.06.06"]

1. e4 e5 2. Nf3 Nc6 3. Bc4 Nf6 4. d3 h6 5. c3 d6 6. Bb3 g5 7. Nbd2 Bg7 8. Nc4
O-O 9. Ne3 Be6 10. O-O Qd7 11. Re1 Ne7 12. Nf1 Ng6 13. d4 Bxb3 14. Qxb3 g4 15.
N3d2 c6 16. Nc4 Nh5 17. dxe5 dxe5 18. Rd1 Qc7 19. Be3 Nhf4 20. Ng3 b6 21. Nf5
Kh7 22. Bxf4 Nxf4 23. Nce3 Rad8 24. Rxd8 Rxd8 25. Rd1 Rxd1+ 26. Qxd1 Bf6 27.
Nxg4 Qd8 28. Qxd8 Bxd8 29. Nxe5 c5 30. g3 Ne2+ 31. Kf1 Nc1 32. a3 f6 33. Nc4 Bc7
34. f4 b5 35. Nce3 Nd3 36. Nd5 Bd8 37. b4 c4 38. Ke2 Nc1+ 39. Ke3 Na2 40. Kd4
Nc1 41. Nd6 Nb3+ 42. Ke3 Kg7 43. Nb7 Bb6+ 44. Nxb6 axb6 45. Nd6 Na1 46. Nxb5 Kf7
47. Kd4 Ke6 48. Kxc4 Nc2 49. Nd4+ Nxd4 50. Kxd4 Kd6 51. c4 Kc6 52. c5 bxc5+ 53.
bxc5 Kb5 54. Kd5 1-0

[Event "Women's Speed Chess Q8 KO"]
[Site "chess.com INT"]
[Date "2021.06.06"]
[Round "1.1"]
[White "Kulkarni, Bhakti"]
[Black "Bivol, Alina"]
[Result "1-0"]
[WhiteTitle "IM"]
[BlackTitle "WGM"]
[WhiteElo "2391"]
[BlackElo "2374"]
[WhiteFideId "5019516"]
[BlackFideId "4100123"]
[EventDate "2021.06.06"]

1. d4 Nf6 2. Nf3 g6 3. g3 b6 4. Bg2 Bb7 5. O-O Bg7 6. c4 O-O 7. Nc3 d5 8. Ne5 e6
9. b3 Ne4 10. Bb2 Nd7 11. Nxd7 Qxd7 12. Nxe4 dxe4 13. Qc2 f5 14. e3 Rad8 15.
Rad1 Qf7 16. f3 exf3 17. Bxf3 Bxf3 18. Rxf3 Qe8 19. e4 c5 20. e5 cxd4 21. Bxd4
Qc6 22. Rfd3 f4 23. Qg2 Qxg2+ 24. Kxg2 fxg3 25. hxg3 h5 26. Bc3 Rxd3 27. Rxd3
Rf7 28. Rd8+ Kh7 29. Re8 Rd7 30. Rxe6 Rd3 31. Bb4 a5 32. Bd6 Rd2+ 33. Kf3 Rxa2
34. Bc7 a4 35. b4 Rc2 36. Rxb6 Rxc4 37. Bd6 a3 38. Ra6 Rc3+ 39. Ke4 Rxg3 40. e6
Rg1 41. e7 Re1+ 42. Kf3 Bf6 43. Ra8 Bxe7 44. Ra7 Kg8 45. Rxe7 Rd1 46. Be5 Rb1
47. Rb7 a2 48. Rg7+ Kf8 49. Ra7 Rxb4 50. Bd6+ 1-0

[Event "Women's Speed Chess Q8 KO"]
[Site "chess.com INT"]
[Date "2021.06.06"]
[Round "1.1"]
[White "Vantika, Agrawal"]
[Black "Gunina, Valentina"]
[Result "1-0"]
[WhiteTitle "WIM"]
[BlackTitle "GM"]
[WhiteElo "2286"]
[BlackElo "2436"]
[WhiteFideId "25050389"]
[BlackFideId "4167570"]
[EventDate "2021.06.06"]

1. d4 d5 2. c4 c6 3. Nf3 Nf6 4. e3 Bg4 5. h3 Bh5 6. g4 Bg6 7. Ne5 Nbd7 8. Nxg6
hxg6 9. Bg2 e6 10. Nd2 Bd6 11. Qb3 Rb8 12. e4 dxe4 13. Nxe4 Nxe4 14. Bxe4 Nf6
15. Bg2 e5 16. dxe5 Bxe5 17. Be3 O-O 18. O-O Qc7 19. Bxa7 Rbe8 20. Rad1 Nd7 21.
Be3 Bf6 22. Rd2 Re7 23. Rfd1 Rfe8 24. Qc2 Be5 25. c5 Nf6 26. b4 Bf4 27. Bxf4
Qxf4 28. Rd4 Re1+ 29. Bf1 Qf3 30. Rxe1 Rxe1 31. Qd3 Qf4 32. Rxf4 1-0

[Event "Women's Speed Chess Q8 KO"]
[Site "chess.com INT"]
[Date "2021.06.06"]
[Round "1.2"]
[White "Bivol, Alina"]
[Black "Kulkarni, Bhakti"]
[Result "0-1"]
[WhiteTitle "WGM"]
[BlackTitle "IM"]
[WhiteElo "2374"]
[BlackElo "2391"]
[WhiteFideId "4100123"]
[BlackFideId "5019516"]
[EventDate "2021.06.06"]

1. e4 e5 2. Nf3 Nc6 3. Bc4 Bc5 4. c3 Nf6 5. d4 exd4 6. e5 d5 7. Be2 Ne4 8. cxd4
Bb6 9. O-O O-O 10. Nc3 Be6 11. h3 f6 12. exf6 Qxf6 13. Be3 Ne7 14. Nxe4 dxe4 15.
Ne5 Rad8 16. a4 c6 17. Bg4 h6 18. Bxe6+ Qxe6 19. a5 Bxd4 20. Bxd4 c5 21. Qc2
Rxd4 22. Ng4 Rfd8 23. Qxc5 a6 24. Rae1 R8d5 25. Qc7 Qd7 26. Qb8+ Kh7 27. Qf8 Ng6
28. Qb8 Rxa5 29. Rc1 Qe7 30. Rc7 Rd7 31. Rc8 Rf5 32. Re8 Qf7 33. Rc8 b5 34. Ne3
Rf6 35. Ng4 Rf4 36. Ne5 Nxe5 37. Qxe5 Re7 38. Qb8 e3 39. f3 e2 40. Re1 Qf6 41.
Rh8+ Kg6 42. Rg8 Qd4+ 43. Kh2 Rf6 44. Rd8 Qf2 0-1

[Event "Women's Speed Chess Q8 KO"]
[Site "chess.com INT"]
[Date "2021.06.06"]
[Round "1.2"]
[White "Bodnaruk, Anastasia"]
[Black "Arabidze, Meri"]
[Result "1-0"]
[WhiteTitle "IM"]
[BlackTitle "IM"]
[WhiteElo "2446"]
[BlackElo "2432"]
[WhiteFideId "4181751"]
[BlackFideId "13604040"]
[EventDate "2021.06.06"]

1. e4 c6 2. d4 d5 3. e5 Bf5 4. Nf3 e6 5. Be2 Ne7 6. O-O Bg6 7. Nbd2 Nd7 8. c3
Nf5 9. Re1 a6 10. Nf1 Rc8 11. b4 Be7 12. g4 Nh4 13. Nxh4 Bxh4 14. Ng3 O-O 15.
Bd3 Bxg3 16. hxg3 Bxd3 17. Qxd3 f5 18. exf6 Nxf6 19. f3 Rc7 20. Rxe6 Rcf7 21.
Bf4 Nd7 22. Rf1 Nb6 23. Bd6 Re8 24. Rxe8+ Qxe8 25. Be5 Nc4 26. f4 a5 27. bxa5
Qa8 28. g5 Qxa5 29. Rf2 Qa3 30. Kg2 Qc1 31. Re2 b5 32. Bb8 Rf8 33. Bc7 Qa3 34.
Qf3 b4 35. cxb4 Qxb4 36. Qg4 Qc3 37. Qe6+ Kh8 38. Qf7 Rg8 39. Re8 Qc2+ 40. Kh3 1-0

[Event "Women's Speed Chess Q8 KO"]
[Site "chess.com INT"]
[Date "2021.06.06"]
[Round "1.2"]
[White "Cyfka, Karina"]
[Black "Eswaran, Ashritha"]
[Result "0-1"]
[WhiteTitle "IM"]
[BlackTitle "WIM"]
[WhiteElo "2417"]
[BlackElo "2244"]
[WhiteFideId "1122681"]
[BlackFideId "2080788"]
[EventDate "2021.06.06"]

1. d4 Nf6 2. c4 e6 3. Nf3 d5 4. Nc3 Be7 5. Bf4 O-O 6. Rc1 a6 7. e3 Nbd7 8. cxd5
exd5 9. Bd3 c5 10. O-O b6 11. h3 Bb7 12. Qe2 Re8 13. Ne5 Bf8 14. Rfd1 cxd4 15.
exd4 Bd6 16. Re1 Qb8 17. Qc2 Nxe5 18. dxe5 Bxe5 19. Rxe5 Rxe5 20. Ne2 Rxe2 21.
Bxb8 Rxc2 22. Rxc2 Rxb8 23. Rc7 Ne8 24. Rd7 Bc6 25. Ra7 a5 26. f3 g6 27. Kf2 Kf8
28. Ke3 Ra8 29. Rxa8 Bxa8 30. Kd4 Ke7 31. Bb5 Nc7 32. Bd3 Kd6 33. a3 Ne6+ 34.
Ke3 f5 35. b4 d4+ 36. Kd2 Nf4 37. Bf1 axb4 38. axb4 Bc6 39. g3 Nd5 40. b5 Bd7
41. Kd3 Bxb5+ 42. Kxd4 Bxf1 0-1

[Event "Women's Speed Chess Q8 KO"]
[Site "chess.com INT"]
[Date "2021.06.06"]
[Round "1.2"]
[White "Gunina, Valentina"]
[Black "Vantika, Agrawal"]
[Result "1-0"]
[WhiteTitle "GM"]
[BlackTitle "WIM"]
[WhiteElo "2436"]
[BlackElo "2286"]
[WhiteFideId "4167570"]
[BlackFideId "25050389"]
[EventDate "2021.06.06"]

1. d4 Nf6 2. c4 g6 3. Nc3 Bg7 4. e4 d6 5. Be2 O-O 6. Be3 Nbd7 7. h4 c5 8. d5 b5
9. cxb5 a6 10. a4 Qa5 11. Bd2 axb5 12. Bxb5 Ne5 13. Nge2 Ba6 14. O-O Rfb8 15. f3
Qb6 16. Qc2 c4+ 17. Kh2 Nd3 18. b3 Nb4 19. Qb1 Bxb5 20. Nxb5 Nd7 21. Bxb4 Bxa1
22. Qxa1 cxb3 23. Ned4 Ne5 24. a5 Qb7 25. Rc1 b2 26. Qxb2 Nd3 27. Qc3 Nxc1 28.
Qxc1 Rc8 29. Qh6 Qd7 30. Bc3 e5 31. dxe6 fxe6 32. Bb4 e5 33. Nxd6 exd4 34. Nxc8
Rxc8 35. Bd2 d3 36. Qe3 Qd6+ 37. e5 Qd5 38. e6 Re8 39. Bc3 Rxe6 40. Qa7 1-0

[Event "Women's Speed Chess Q8 KO"]
[Site "chess.com INT"]
[Date "2021.06.06"]
[Round "1.3"]
[White "Arabidze, Meri"]
[Black "Bodnaruk, Anastasia"]
[Result "1-0"]
[WhiteTitle "IM"]
[BlackTitle "IM"]
[WhiteElo "2432"]
[BlackElo "2446"]
[WhiteFideId "13604040"]
[BlackFideId "4181751"]
[EventDate "2021.06.06"]

1. d4 Nf6 2. Nf3 g6 3. g3 Bg7 4. Bg2 O-O 5. O-O d6 6. a4 a5 7. Nc3 Nc6 8. e4 e5
9. d5 Nb4 10. Nd2 c6 11. Nc4 cxd5 12. exd5 Bf5 13. Ne3 Bd7 14. Nb5 Ne8 15. c3
Na6 16. Nc4 Bxb5 17. axb5 Nc5 18. Be3 f5 19. Bxc5 dxc5 20. d6 e4 21. f3 Rf6 22.
fxe4 fxe4 23. d7 Nc7 24. Rxf6 Qxf6 25. Bxe4 Rd8 26. Bxb7 Nxb5 27. Qd5+ Kh8 28.
Rf1 Qe7 29. Bc6 Nc7 30. Qd6 Bf8 31. Qxc7 Bg7 32. Qd6 Qe2 33. Qc7 1-0

[Event "Women's Speed Chess Q8 KO"]
[Site "chess.com INT"]
[Date "2021.06.06"]
[Round "1.3"]
[White "Vantika, Agrawal"]
[Black "Gunina, Valentina"]
[Result "0-1"]
[WhiteTitle "WIM"]
[BlackTitle "GM"]
[WhiteElo "2286"]
[BlackElo "2436"]
[WhiteFideId "25050389"]
[BlackFideId "4167570"]
[EventDate "2021.06.06"]

1. d4 d5 2. c4 c6 3. Nf3 Nf6 4. e3 Bg4 5. h3 Bh5 6. g4 Bg6 7. Ne5 Bxb1 8. Rxb1
Nbd7 9. Bg2 e6 10. Nxd7 Qxd7 11. O-O Bd6 12. Qc2 Bc7 13. f4 O-O 14. b4 dxc4 15.
Qxc4 Nd5 16. Bd2 Rac8 17. Qb3 a6 18. Rbc1 Ne7 19. a4 Ng6 20. b5 axb5 21. axb5
Bd6 22. bxc6 bxc6 23. Qa4 Ne7 24. Qc4 c5 25. dxc5 Bxc5 26. Qe2 Nd5 27. Kh1 Qa7
28. e4 Ne7 29. f5 exf5 30. exf5 Rfd8 31. f6 Ng6 32. Bg5 h6 33. Bf4 Re8 34. Qf3
Qd7 35. Rcd1 Qe6 36. fxg7 Kxg7 37. Bc1 Rb8 38. Qc3+ Qe5 39. Qxe5+ Rxe5 40. Bf4
Nxf4 41. Rxf4 Be3 42. Rf3 Bg5 43. Rdf1 Re7 44. R3f2 Bh4 45. Rc2 Rb3 46. Ra2 Rbe3
47. Rb2 Bg3 48. Rc2 Re2 49. Rxe2 Rxe2 50. Rd1 Be5 51. Kg1 Rb2 52. Bf3 Kf6 53.
Bg2 Kg5 54. Rd3 Kh4 55. Rf3 f6 56. Kf1 h5 57. gxh5 Kxh5 58. Rd3 Kg5 59. Rf3 f5
60. h4+ Kg4 61. h5 Bg3 62. h6 Rb1+ 63. Ke2 Rb2+ 64. Kf1 Rb1+ 65. Ke2 Re1+ 66.
Kd2 Rg1 0-1

[Event "Women's Speed Chess Q8 KO"]
[Site "chess.com INT"]
[Date "2021.06.06"]
[Round "2.1"]
[White "Eswaran, Ashritha"]
[Black "Arabidze, Meri"]
[Result "1/2-1/2"]
[WhiteTitle "WIM"]
[BlackTitle "IM"]
[WhiteElo "2244"]
[BlackElo "2432"]
[WhiteFideId "2080788"]
[BlackFideId "13604040"]
[EventDate "2021.06.06"]

1. e4 c5 2. Nf3 e6 3. d4 cxd4 4. Nxd4 Nc6 5. Nc3 a6 6. Be3 Nf6 7. a3 Qc7 8. Be2
Be7 9. O-O O-O 10. f4 d6 11. a4 Bd7 12. Nb3 Na5 13. Nxa5 Qxa5 14. Bf3 Bc6 15. g4
d5 16. e5 Ne4 17. Bxe4 dxe4 18. Qe2 Rfd8 19. Rad1 Bc5 20. Qf2 Bxe3 21. Qxe3 Rxd1
22. Rxd1 Rd8 23. Rd4 Qb6 24. Rxd8+ Qxd8 25. b4 b5 26. a5 g6 27. Kg2 Kg7 28. Kg3
Qd7 29. h4 h6 30. Kf2 Qd8 31. Kg3 Qd7 32. Ne2 Qd1 33. Nd4 Bd5 34. f5 h5 35. f6+
Kh7 36. gxh5 Qxh5 37. Qf4 Qd1 38. Qe3 Qh5 39. Qf4 Qd1 40. Qe3 Qh5 1/2-1/2

[Event "Women's Speed Chess Q8 KO"]
[Site "chess.com INT"]
[Date "2021.06.06"]
[Round "2.1"]
[White "Kulkarni, Bhakti"]
[Black "Gunina, Valentina"]
[Result "0-1"]
[WhiteTitle "IM"]
[BlackTitle "GM"]
[WhiteElo "2391"]
[BlackElo "2436"]
[WhiteFideId "5019516"]
[BlackFideId "4167570"]
[EventDate "2021.06.06"]

1. d4 d5 2. Nf3 Nf6 3. c4 c6 4. e3 Bg4 5. Nbd2 e6 6. h3 Bxf3 7. Nxf3 Bb4+ 8. Bd2
Bxd2+ 9. Nxd2 Nbd7 10. Bd3 O-O 11. O-O Qe7 12. cxd5 exd5 13. Qc2 Rae8 14. Rab1
Ne4 15. b4 f5 16. b5 c5 17. dxc5 Ndxc5 18. Nb3 Ne6 19. Rbd1 Rd8 20. Be2 Qh4 21.
Nd4 N6g5 22. Qc7 Rd6 23. Bf3 Rg6 24. Kh2 f4 25. exf4 Nxh3 26. gxh3 Nxf2 27. Rxf2
Qxf2+ 28. Kh1 Rg3 29. Bxd5+ Kh8 30. Qd7 Qxf4 31. Ne2 Qa4 32. Nxg3 Qxd1+ 33. Kh2
Qd2+ 34. Kh1 Qd1+ 35. Kh2 Rf2+ 36. Bg2 Rxg2+ 37. Kxg2 Qxd7 0-1

[Event "Women's Speed Chess Q8 KO"]
[Site "chess.com INT"]
[Date "2021.06.06"]
[Round "2.2"]
[White "Arabidze, Meri"]
[Black "Eswaran, Ashritha"]
[Result "1/2-1/2"]
[WhiteTitle "IM"]
[BlackTitle "WIM"]
[WhiteElo "2432"]
[BlackElo "2244"]
[WhiteFideId "13604040"]
[BlackFideId "2080788"]
[EventDate "2021.06.06"]

1. Nf3 c5 2. c4 Nc6 3. Nc3 g6 4. g3 Bg7 5. Bg2 e5 6. d3 Nge7 7. O-O d6 8. Bg5 f6
9. Bd2 Be6 10. a3 a5 11. Ne1 O-O 12. Nc2 f5 13. Ne3 f4 14. Ned5 Nd4 15. gxf4
exf4 16. Nxf4 Bg4 17. f3 Bd7 18. Nfd5 Nec6 19. e3 Nf5 20. Ne4 Nh4 21. f4 h5 22.
Bc3 Bg4 23. Qd2 Nxg2 24. Qxg2 Qh4 25. Qg3 Qxg3+ 26. hxg3 Be2 27. Rfe1 Bxd3 28.
Nxd6 Rfd8 29. Nxb7 Rdb8 30. Nxc5 Bxc4 31. Nf6+ Kf7 32. Nfd7 Rd8 33. Bxg7 Kxg7
34. Rac1 Bf7 35. e4 Nd4 36. Kf2 Nb3 37. Nxb3 Rxd7 38. Nc5 Rd2+ 39. Re2 Rad8 40.
Ke3 Rxe2+ 41. Kxe2 Rd4 42. Ke3 Rd6 43. e5 Rb6 44. b3 Rc6 45. b4 axb4 46. axb4
Rb6 47. Nd3 Be6 48. Rc7+ Kh6 49. Re7 Bf5 50. Nc5 Rxb4 51. e6 Rc4 52. Rc7 Rc1 53.
Kd4 Rd1+ 54. Ke5 Re1+ 55. Kf6 h4 56. Rc8 Kh5 57. gxh4 Kxh4 58. e7 Bxc8 59. Nd3
Re3 60. Ne5 Bd7 61. Nxd7 Rxe7 62. Kxe7 Kg4 63. Kf6 Kxf4 64. Kxg6 1/2-1/2

[Event "Women's Speed Chess Q8 KO"]
[Site "chess.com INT"]
[Date "2021.06.06"]
[Round "2.2"]
[White "Gunina, Valentina"]
[Black "Kulkarni, Bhakti"]
[Result "1/2-1/2"]
[WhiteTitle "GM"]
[BlackTitle "IM"]
[WhiteElo "2436"]
[BlackElo "2391"]
[WhiteFideId "4167570"]
[BlackFideId "5019516"]
[EventDate "2021.06.06"]

1. d4 Nf6 2. c4 c5 3. d5 b5 4. Nf3 d6 5. cxb5 a6 6. b6 g6 7. Nc3 Qxb6 8. e4 Bg7
9. Bd3 O-O 10. O-O a5 11. h3 Ba6 12. Bxa6 Nxa6 13. Qe2 Nb4 14. Bg5 Rfe8 15. Nd2
Rab8 16. Nc4 Qc7 17. a3 Na6 18. e5 dxe5 19. Nxe5 Nxd5 20. Nxf7 Nxc3 21. bxc3
Kxf7 22. Qxa6 Qe5 23. Qc4+ e6 24. Bf4 Qxc3 25. Qxc3 Bxc3 26. Rac1 Rb3 27. Rfd1
Rxa3 28. Rd7+ Re7 29. Rd8 Bd4 30. Bd6 Rb7 31. Bxc5 Bxc5 32. Rxc5 Ra1+ 33. Kh2
Ra7 34. Rcc8 a4 35. Rf8+ Kg7 36. Rg8+ Kf6 37. Rcf8+ Ke5 38. Rb8 a3 39. Ra8 Rxa8
40. Rxa8 Kd4 41. Ra7 h5 42. Ra6 Kd5 43. h4 Ke5 44. Kg3 Kf5 45. Ra5+ Ke4 46. Ra6
Kd5 47. Ra5+ Kc4 48. Ra8 Kb3 49. Rb8+ Kc2 50. Rc8+ Kb2 51. Rb8+ Ka2 52. Rb6 Re1
53. Kf4 Re2 54. Kf3 Re1 55. Kf4 Ka1 56. Kg5 Re2 57. Kxg6 Rxf2 58. Kxh5 Rxg2 59.
Rxe6 a2 60. Kh6 Kb1 61. Re1+ Kb2 62. h5 Rc2 63. Kh7 Rc1 64. Re2+ Rc2 65. Re1
Rc7+ 66. Kg6 Rc6+ 67. Kg7 Rc7+ 68. Kg6 Rc1 69. Re2+ Rc2 70. Re1 a1=Q 71. Rxa1
Kxa1 72. h6 Rh2 73. h7 Kb2 74. Kg7 Kc3 75. h8=Q Rxh8 76. Kxh8 1/2-1/2

[Event "Women's Speed Chess Q8 KO"]
[Site "chess.com INT"]
[Date "2021.06.06"]
[Round "2.3"]
[White "Eswaran, Ashritha"]
[Black "Arabidze, Meri"]
[Result "0-1"]
[WhiteTitle "WIM"]
[BlackTitle "IM"]
[WhiteElo "2244"]
[BlackElo "2432"]
[WhiteFideId "2080788"]
[BlackFideId "13604040"]
[EventDate "2021.06.06"]

1. e4 c5 2. Nf3 e6 3. d4 cxd4 4. Nxd4 Nc6 5. Nc3 a6 6. Be3 Nf6 7. a3 d6 8. Be2
Be7 9. O-O O-O 10. Nxc6 bxc6 11. f4 e5 12. fxe5 dxe5 13. Qxd8 Rxd8 14. Bc4 a5
15. Rfd1 Bg4 16. Rxd8+ Rxd8 17. h3 Bh5 18. Bd3 Bg6 19. Rb1 Rb8 20. Bg5 h6 21.
Bxf6 Bxf6 22. Bc4 Bg5 23. Kf2 Be7 24. Kf3 Kf8 25. Na4 Rd8 26. Bd3 Rd4 27. Nc3
Rd8 28. b4 axb4 29. axb4 Rb8 30. Na2 f6 31. c4 Bf7 32. Ke3 h5 33. Rb2 h4 34. Kd2
g6 35. Kc3 Ra8 36. Bb1 Be6 37. b5 cxb5 38. cxb5 Bc5 39. b6 Bd4+ 40. Kc2 Bxb2 41.
Kxb2 Rb8 42. Nc3 Rxb6+ 43. Kc1 Rd6 44. Bc2 f5 45. exf5 gxf5 46. Ne2 Ke7 47. Ng1
e4 48. Ne2 Kf6 49. Nf4 Rd8 50. Bd1 Bf7 51. Be2 Ke5 52. Nh5 Bxh5 53. Bxh5 f4 54.
Bg4 Rd6 55. Kc2 Ra6 56. Kc3 Ra2 0-1

[Event "Women's Speed Chess Q8 KO"]
[Site "chess.com INT"]
[Date "2021.06.06"]
[Round "3.1"]
[White "Arabidze, Meri"]
[Black "Gunina, Valentina"]
[Result "0-1"]
[WhiteTitle "IM"]
[BlackTitle "GM"]
[WhiteElo "2432"]
[BlackElo "2436"]
[WhiteFideId "13604040"]
[BlackFideId "4167570"]
[EventDate "2021.06.06"]

1. d4 d5 2. Nf3 Nf6 3. c4 c6 4. Nc3 dxc4 5. a4 Bf5 6. e3 e6 7. Bxc4 Bb4 8. O-O
O-O 9. Qe2 Bg6 10. Ne5 Nbd7 11. Nxg6 hxg6 12. Rd1 Qe7 13. e4 e5 14. d5 a5 15.
Bg5 Nb6 16. Bb3 Bxc3 17. bxc3 cxd5 18. Bxd5 Nbxd5 19. Rxd5 Qc7 20. Bxf6 gxf6 21.
c4 Rfc8 22. c5 Ra6 23. Rad1 Qe7 24. Rd7 Qxc5 25. Rxb7 Rd6 26. Rxd6 Qxd6 27. h3
Qc6 28. Ra7 Qxa4 29. Kh2 Kg7 30. Qa6 Rf8 31. Qb7 Qa2 32. f3 Qd2 33. Qc7 Qf4+ 34.
Kg1 Qe3+ 35. Kh2 g5 36. Rxa5 g4 37. Qc5 Qf4+ 38. Kg1 gxf3 39. Qf2 Rd8 40. Ra1
Qxe4 41. Qxf3 Qd4+ 42. Kh2 Qxa1 0-1

[Event "Women's Speed Chess Q8 KO"]
[Site "chess.com INT"]
[Date "2021.06.06"]
[Round "3.2"]
[White "Gunina, Valentina"]
[Black "Arabidze, Meri"]
[Result "0-1"]
[WhiteTitle "GM"]
[BlackTitle "IM"]
[WhiteElo "2436"]
[BlackElo "2432"]
[WhiteFideId "4167570"]
[BlackFideId "13604040"]
[EventDate "2021.06.06"]

1. d4 d5 2. c4 e6 3. Nf3 Nf6 4. Nc3 Nbd7 5. Bg5 Be7 6. e3 h6 7. Bh4 O-O 8. Rc1
c5 9. cxd5 Nxd5 10. Bxe7 Nxe7 11. Bd3 b6 12. O-O Bb7 13. Qe2 cxd4 14. Nxd4 Nc5
15. Bb1 Nd5 16. Qc2 g6 17. Rfd1 Qg5 18. Nxd5 Bxd5 19. f4 Qf6 20. Qe2 Be4 21. b4
Bxb1 22. bxc5 bxc5 23. Rxc5 Be4 24. Re5 Bd5 25. Qf2 Rab8 26. e4 Ba8 27. Nb3 Rfd8
28. Rf1 Rb4 29. Qe3 Ra4 30. Qe2 Rc8 31. g3 Rac4 32. Qe3 Rc2 33. Qxa7 Qd8 34. Re1
Qd3 35. Qe3 Qxe3+ 36. Rxe3 Rxa2 37. Rc5 Rd8 38. Rc1 f5 39. Nc5 Rdd2 40. Nxe6
Rg2+ 41. Kf1 Bxe4 42. Rc8+ Kf7 43. Nc5 Rgf2+ 44. Ke1 Rxh2 45. Rc7+ Ke8 46. Kd1
Rh1+ 47. Re1 Ra1+ 48. Kd2 Rhxe1 49. Kc3 Rac1+ 50. Kd4 Bf3 51. Rc8+ Ke7 52. Rc7+
Kd8 53. Rg7 Red1+ 54. Nd3 Rb1 55. Ke3 Be4 56. Nc5 Rdc1 57. Ne6+ Kc8 58. Kd4 Rd1+
59. Ke5 Rb5+ 0-1

[Event "Women's Speed Chess Q8 KO"]
[Site "chess.com INT"]
[Date "2021.06.06"]
[Round "3.3"]
[White "Arabidze, Meri"]
[Black "Gunina, Valentina"]
[Result "1/2-1/2"]
[WhiteTitle "IM"]
[BlackTitle "GM"]
[WhiteElo "2432"]
[BlackElo "2436"]
[WhiteFideId "13604040"]
[BlackFideId "4167570"]
[EventDate "2021.06.06"]

1. Nf3 d5 2. e3 Nf6 3. b3 c6 4. Bb2 Bg4 5. Be2 Nbd7 6. h3 Bh5 7. O-O e6 8. c4
Bd6 9. d4 O-O 10. Nc3 Qe7 11. a3 Rfd8 12. Qc2 Rac8 13. e4 dxe4 14. Nxe4 Nxe4 15.
Qxe4 Bg6 16. Qe3 c5 17. Rfe1 a6 18. Bf1 cxd4 19. Qxd4 e5 20. Qe3 Bc5 21. Qe2 f6
22. b4 Ba7 23. c5 Nf8 24. Qe3 Bf7 25. Rac1 a5 26. Nh4 Qc7 27. Nf5 Be6 28. Nd6
Qxd6 29. cxd6 Bxe3 30. Rxc8 Bxc8 31. Rxe3 axb4 32. Rb3 Rxd6 33. Rxb4 Rc6 34.
Bc4+ Ne6 35. Bd5 Rc7 36. Rc4 Rxc4 37. Bxc4 Kf7 38. g3 Ke7 39. Bxe6 Kxe6 40. h4
Kd5 41. Bc3 Bg4 42. Bb4 g6 43. Kf1 Ke4 44. Kg2 f5 45. Bd6 Be2 46. Bc7 Kd4 47.
Bb6+ Kd3 48. Bc7 Ke4 49. Bb6 h6 50. Bc7 g5 51. hxg5 hxg5 52. Bd8 g4 53. Bc7 f4
54. gxf4 exf4 55. Bd6 Bc4 56. Bc7 Bd5 57. Bd6 g3 58. fxg3 Ke3+ 59. Kg1 fxg3 60.
Bxg3 Kd3 1/2-1/2

[Event "Women's Speed Chess Q8 KO"]
[Site "chess.com INT"]
[Date "2021.06.06"]
[Round "3.4"]
[White "Gunina, Valentina"]
[Black "Arabidze, Meri"]
[Result "1-0"]
[WhiteTitle "GM"]
[BlackTitle "IM"]
[WhiteElo "2436"]
[BlackElo "2432"]
[WhiteFideId "4167570"]
[BlackFideId "13604040"]
[EventDate "2021.06.06"]

1. d4 Nf6 2. c4 e6 3. Nf3 b6 4. g3 Bb7 5. Bg2 g6 6. O-O Bg7 7. Nc3 Ne4 8. Qd3
Nxc3 9. bxc3 O-O 10. Bg5 f6 11. Bd2 f5 12. Bg5 Qe8 13. Nd2 Bxg2 14. Kxg2 d6 15.
e4 h6 16. Be3 Nd7 17. Rae1 Qf7 18. f4 Rae8 19. Qc2 c5 20. Qd3 Nf6 21. e5 dxe5
22. fxe5 Nd7 23. Nf3 g5 24. h4 f4 25. gxf4 gxf4 26. Bd2 Qh5 27. Rg1 Kh8 28. Kf2
Rf5 29. Rg2 Bf8 30. Reg1 Be7 31. Rg4 Ref8 32. Qe4 cxd4 33. cxd4 b5 34. Qc6 Nb6
35. Qxe6 R5f7 36. Rg6 Kh7 37. cxb5 Bxh4+ 38. Ke2 Be7 39. R6g2 Bg5 40. Rh2 Qg6
41. Nxg5+ 1-0